000 00618nam a2200217Ia 4500
005 20241129105836.0
008 241129s9999||||xx |||||||||||||| ||und||
020 _a81-87667-07-9
037 _aTB
040 _aARTS
_beng
_cARTS
041 _aeng
_2urd
084 _aO168,3N27,KD P9;Q8
_qARTS
100 _aHaidar Qurratul Ain Au.
245 0 _aKoh-e-damavand
_cHaidar Qurratul Ain Au.
260 _aDelhi, India
_bEducational Publishing House
_c2011
300 _a342p.
365 _aINR
_b350
650 _aUrdu Fiction
_93298
942 _cTB
_hO168,3N27,KD P9;Q8
999 _c1226238
_d1226238